000 00894cam a22002655a 4500
001 18020411
005 20150809110947.0
008 140127t2014 gaua fr 001 0 eng d
020 _a0881737267
020 _a9781482244625
040 _aDLC
_beng
_cDLC
_dDLC
_dEG-ScBUE
082 0 4 _a696
_bHAR
_222
100 1 _aHarbuck, Stan.
_938263
245 1 0 _aResidential energy auditing and improvement /
_cby Stan Harbuck, Donna Harbuck.
260 _aLilburn, Georgia :
_bThe Fairmont Press ;
_aBoca Raton, [Florida] :
_bCRC Press / Taylor & Francis Group,
_cc.2014.
300 _axiv, 647 p. :
_bill. ;
_c24 cm.
500 _aIndex : p. 637-647.
650 0 _aDwellings
_xEnergy conservation.
_2BUEsh
650 0 _aEnergy auditing.
_2BUEsh
651 _2BUEsh
653 _bENGGEN
_cJune2015
_cAugust2015
655 _vreading book
_934232
700 1 _aHarbuck, Donna.
942 _2ddc
_k696 HAR
999 _c19546
_d19518